Todas as Localizações Nomeadas do Fortnite (até C6 TM2) - Statistics

Estatísticas Gerais
  • Esse quiz foi jogado 26 vezes
  • A pontuação média é 19 de 211
Estatísticas das Respostas
NOMES % Correto
C1T2 Torres Tortas/ Tilted Towers
88%
C1T1 Fontes Salgadas/ Salty Springs
80%
C1T1 Parque Agradável/ Pleasant Park
76%
C1T1 Via do Varejo/ Retail Row
56%
C1T1 Bosque Gorduroso/ Greasy Grove
52%
C1T4 Bobinas Traiçoeiras/ Risky Reels
48%
C1T1 Lago do Saque/ Loot Lake
44%
C2T1 Bosque Choroso/ Weeping Woods
40%
C1T1 Campos Fatais/ Fatal Fields
40%
C2T1 Pântano Glup/ Slurpy Swamp
40%
C1T5 Paraíso das Palmeiras/ Paradise Palms
40%
C2T2 A Agência/ The Agency
36%
C1T3 Cidade da Sorte/ Lucky Landing
36%
C1T4 Cratera Empoeirada/ Dusty Divot
36%
C2T1 Lago da Preguiça/ Lazy Lake
36%
C1T1 Cabana Solitária/ Lonely Lodge
32%
C2T1 Cidade da Cordilheira/ Misty Meadows
32%
C1T1 Depósito Empoeirado/ Dusty Depot
32%
C1T2 Minas Matreiras/ Shifty Shafts
32%
C2T3 Toca do Gato/ Catty Corner
32%
C1T9 Torres Neo/ Neo Tilted
32%
C2T2 A Plataforma/ The Rig
28%
C1T1 Bosque Lamurioso/ Wailing Woods
28%
C2T1 Chaminés Chamuscantes/ Steamy Stacks
28%
C1T1 Fábrica de Descargas/ Flush Factory
28%
C2T1 Fazenda Frenética/ Frenzy Farms
28%
C1T2 Margens Esnobes/ Snobby Shores
28%
C2T2 O Iate/ The Yacht
28%
C1T7 Pico Polar/ Polar Peak
28%
C1T5 Prado da Preguiça/ Lazy Links
28%
C2T5 Torres Salgadas/ Salty Towers
28%
C2T2 A Gruta/ The Grotto
24%
C2T1 Alameda Arborizada/ Holly Hedges
24%
C1T1 Cidade dos Tomates/ Tomato Town
24%
C1T2 Cruzamento da Sucata/ Junk Junction
24%
C2T1 Doca Desleixada/ Dirty Docks
24%
C1T7 O Bairro/ The Block
24%
C2T2 O Tubarão/ The Shark
24%
C2T3 A Fortilha/ The Fortilla
20%
C1T2 Colinas assombradas/ Haunted Hills
20%
C2T4 Indústrias Stark/ Stark Industries
20%
C2T1 Litoral Límpido/ Sweaty Sands
20%
C2T1 Penhasco Praiano/ Craggy Cliffs
20%
C2T3 A Autoridade/ The Authority
16%
C2T3 Castelo do Coral/ Coral Castle
16%
C1T5 Templo dos Tomates/ Tomato Temple
16%
C1T7 Aldeia Alegre/ Happy Hamlet
12%
C1TX Cidade de Gotham/ Gotham City
12%
C1T8 Degraus Divinos/ Sunny Steps
12%
C1T7 Galpões Gelados/ Frosty Flights
12%
C1T1 Lamaçal Nebuloso/ Moisty Mire
12%
C3T1 O Clarim Diário/ The Daily Bugle
12%
C1T9 Super Shopping/ Mega Mall
12%
C1T1 Terras Anárquicas/ Anarchy Acres
12%
C5T1 Trilhos Temerários/ Reckless Railways
12%
C5T4 A Balsa/ The Raft
8%
C3T2 A Fortaleza/ The Fortress
8%
C5T2 Bobinas Restauradas/ Restored Reels
8%
C3T1 Bobinas Rochosas/ Rocky Reels
8%
C1TX Cidade Torta/ Tilted Town
8%
C2T4 Domínio do Destino/ Doom's Domain
8%
C5T1 Hotel Hipotermia/ Grand Glacier
8%
C3T3 Laguinho da Leseira/ Lazy Lagoon
8%
C4T2 Megacidade / MEGA City
8%
C5T3 Nitródomo/ Nitrodome
8%
C2T6 O Pináculo/ The Spire
8%
C1T8 Praia da Preguiça/ Lazy Lagoon
8%
C3T1 Acampamento do Abraço/ Camp Cuddle
4%
C6TM2 Acampamento Krusty/ Kamp Krusty
4%
C6TM2 Alameda Sempre-Verde/ Evergreen Terrace
4%
C5T1 Albergue Rebelde/ Rebel's Roost
4%
REMIX Canil do Snoop/ Doggpound
4%
C5T4 Castelo do Destino/ Castle Doom
4%
C6T2 Cidade do Crime/ Crime City
4%
C3T1 Circuito Chonker/ Chonker's Speedway
4%
C5T1 Colina Cerrada/ Hazy Hillside
4%
C2T5 Coliseu Colossal/ Colossal Coliseum
4%
C6T4 Colmeia/ The Hive
4%
C6T1 Comporta da Raposa/ Foxy Floodgate
4%
C3T1 Condomínio Cânion/ Condo Canyon
4%
C6T1 Dojo Demoníaco/ Demon's Dojo
4%
C5T4 Doomstadt
4%
C2T5 Fortaleza Furtiva/ Stealthy Stronghold
4%
C5T2 Fórum da Fúria / Brawler's Battleground
4%
REMIX Ilha da Ice/ Ice Isle
4%
C6T3 Instituto Supernova/ Supernova Academy
4%
C5T1 Lar do Luxo/ Lavish Lair
4%
C6T2 Lar Licantropo/ Lonewolf Lair
4%
C6TM2 Mansão Burns/ Burns Manor
4%
C5T2 Monte Olimpo/ Mount Olympus
4%
C3T1 Os Jonesies/ The Joneses
4%
C5T2 Portão Pavoroso/ Grim Gate
4%
C6TM2 Praça Central de Springfield/ Springfield Town Square
4%
C4T1 Praça da Bigorna/ Anvil Square
4%
C6T4 QG da O.X.R/ O.X.R HQ
4%
C5T1 Ruínas das Bobinas/ Ruined Reels
4%
C3T1 Santuário/ Sanctuary
4%
C6T1 Solitude Shogun/ Shogun's Solitude
4%
C5T1 Terreno Toscano/ Pleasant Piazza
4%
C4T2 Travessia Kenjutsu/ Kenjutsu Crossing
4%
C6TM2 Usina Nuclear de Springfield/ Springfield Nuclear Power Plant
4%
C1T9 Usina Urbana/ Pressure Plant
4%
C6T3 Utopiana/ Utopia City
4%
C6T1 Vigília de Guerra/ Warrior's Watch
4%
C6T4 Acampamento Assustador/ Creepy Camps
0%
C4T1 A Cidadela/ The Citadel
0%
C2T8 A Convergência/ The Convergence
0%
C2T7 Alameda Incubadora/ Holly Hatchery
0%
C3T3 Altar Embaralhado/ Shuffled Shrines
0%
C4T3 Anexo Arqueológico/ Creeky Compound
0%
C2T8 A Pirâmide/ The Pyramid
0%
C4T4 Arquipélago Aluado/ Relentless Retreat
0%
C3T4 Árvore da Realidade/ Reality Tree
0%
C2T4 As Ruínas/ The Ruins
0%
C4T1 Baía Quebra-Mar/ Breakwater Bay
0%
C4T1 Baluarte Brutal/ Brutal Bastion
0%
C6TM1 Base da Primeira Ordem/ First Order Base
0%
C6TM1 Base da Resistência/ Resistance Base
0%
C5T3 Beira-Mar Brutal/ Brutal Beachhead
0%
C3T3 Cachoeira da Realidade/ Reality Falls
0%
C6T1 Cais Carcomido/ Whiff Wharf
0%
C6TM2 Canto Corrupto/ Corruption Corners
0%
C2T5 Casa da Caçada/ Hunter's Haven
0%
C3T1 Caverna Clandestina/ Covert Cavern
0%
C3T3 Caverna da Rave/ Rave Cave
0%
C3T2 Caverna do Comando/ Command Cavern
0%
C3T4 Celeiro Conturbado/ Flutter Barn
0%
C6T1 Cidade da Enseada/ Seaport City
0%
C2T6 Colheita Colossal/ Colossal Crops
0%
C2T8 Colheita Complexa/ Corny Crops
0%
C5T1 Complexo Competitivo/ Classy Courts
0%
C2T7 Complexo da Colheita/ Corny Complex
0%
C6T4 Comporta Aboborita/ Gourdy Gate
0%
C6T1 Corporativa Kappepinos/ Kappa Kappa Factory
0%
C5T1 Costa Chique/ Ritzy Riviera
0%
C2T7 Costa Convicta/ Believer Beach
0%
C4T1 Costa Indisposta/ Slappy Shores
0%
C4T4 Covil Crescente / Eclipsed Estate
0%
C3T1 Cruzamento Cremoso/ Coney Crossroads
0%
C3T4 Cruzamento Cromado/ Chrome Crossroads
0%
C3T3 Cruzamento da Haja Lenha/ Logjam Junction
0%
C6T1 Cruzamento do Cânion/ Canyon Crossing
0%
C6T4 Destroços Demoníacos/ Demon's Debris
0%
C6T4 Distopiana/ Dystopia City
0%
C2T6 Distrito Decrépito/ Boney Burbs
0%
C6T3 Domínio Demoníaco/ Demon's Domain
0%
C6T4 Domínio Sonhador/ Dreamy Domain
0%
C6T1 Elevações Esperançosas/ Hopeful Heights
0%
C3T2 Estação Sináptica/ Synapse Station
0%
C5T1 Estância da Esgrima/ Fencing Fields
0%
C6T4 Estoque do Enxame/ Swarmy Stash
0%
C6TM2 Fazenda do Cletus/ Cletus Corn Hole
0%
C6T1 Floresta Noturna/ Nightshift Forest
0%
C4T2 Fontes Fumegantes/ Steamy Springs
0%
C3T4 Forte Jonesy/ Fort Jonesy
0%
C5T4 Fórum da Abóbora/ Brawler's Patch
0%
C4T1 Fusão Tectônica/ Faulty Splits
0%
C4T1 Granja Gaiata/ Frenzy Fields
0%
C5T4 Granja Temerária/ Freaky Fields
0%
REMIX Gruta do Espaguete/ Spaghetti Grotto
0%
C6T1 Inundação dos Sapos/ Flooded Frogs
0%
C3T4 Junção Cromática/ Chromejam Junction
0%
C4T1 Laboratório Isolado/ Lonely Labs
0%
C3T4 Lagoa Lustrosa/ Lustrous Lagoon
0%
C6T4 Lagoa Mata-Insetos/ Bugswatter Beach
0%
C6T1 Lago Perdido/ Lost Lake
0%
C1T6 Lago Vazado/ Leaky Lake
0%
C1TX Lamaçal das Palmeiras/ Moisty Palms
0%
C3T1 Lenharia Haja Lenha/ Logjam Lumberyard
0%
C3T3 Lenharia Lótus/ Logjam Lotus
0%
C6T1 Magia Musgosa/ Magic Mosses
0%
C5T3 Margens do Naufrágio/ Shipwreck Shallows
0%
C6T4 Minas e Vinhas/ Viney Shafts
0%
C6T2 Minas Reluzentes/ Shiny Shafts
0%
C3T4 Moradas Enevoadas/ Cloudy Condos
0%
C6T2 Oásis Clandestino/ Outlaw Oasis
0%
C3T2 O Colisor/ The Collider
0%
C6TM2 Oficina de Glup de Springfield/ Springfield Slurpworks
0%
C5T2 O Mundo Inferior/ The Underworld
0%
C4T3 Palafitas Penumbrais/ Shady Stilts
0%
C2T7 Pântano Grude/ Sludgy Swamp
0%
C5T4 Pátio do Destino/ Doom's Courtyard
0%
C5T1 Penhasco Privado/ Snooty Steppes
0%
C6T4 Picos Pacíficos/ Harmony Hills
0%
C5T3 Plataforma do Pique/ Redline Rig
0%
C2T3 Plataforma Pencil/ Rickety Rig
0%
C5T3 Pontal Privado/ Sandy Steppes
0%
C6TM1 Posto Avançado do Enclave/ Enclave Outpost
0%
C6T1 Posto Aviário/ Burd
0%
C6T1 Potência Inflada/ Pumped Power
0%
C6T1 Prado das Máscaras/ Masked Meadows
0%
C4T2 Redes Embaraçadas/ Knotty Nets
0%
C6T4 Refúgio dos Rangers/ Ranger's Rest
0%
C6TM2 Região das Rosquinhas/ Donut District
0%
C4T4 Resorts RH+/ Sanguine Suites
0%
C4T1 Rochedo Rachado/ Shattered Slabs
0%
C3T4 Ruído Reluzente/ Shiny Sound
0%
C6T4 Ruínas dos Rangers/ Ranger's Ruin
0%
C4T3 Ruínas Ruidosas/ Rumble Ruins
0%
C6T1 Sacada Cintilante/ Twinkle Terrace
0%
C3T4 Santuário da Mensageira/ Herald's Sanctum
0%
C3T4 Santuário Radiante/ Shimmering Shrine
0%
C3T4 Sobrado Sinistro/ Grim Gables
0%
C6TM1 Solitude do Vader Samurai/ Vader Samurai's Solitude
0%
C1TX Subúrbios Estrelados/ Starry Suburbs
0%
C3T1 Toada Sonolenta/ Sleepy Sound
0%
C3T4 Torres Traçadas/ Tainted Towers
0%
C6T1 Vagões Vorazes/ Brutal Boxcars
0%
C6T1 Vão Fragmentado/ Shattered Span
0%
C6T4 Vão Mórbido/ Pumpkin Pass
0%
C6T1 Vão Vívido/ Shining Span
0%
Nenhum quiz correspondente encontrado
Distribuição das Pontuações
Porcentagem de Pessoas com Cada Pontuação
Percentil de Números Respondidos
Sua Pontuação Histórica
Você não jogou esse quiz